Normal view MARC view
  • STRUCTRUAL ANALYSIS ENGINEERING, MATERIALS DETERIORATION

Entry Topical Term

Number of records used in: 1

001 - CONTROL NUMBER

  • control field: 58785

003 - CONTROL NUMBER IDENTIFIER

  • control field: NUST

005 - DATE AND TIME OF LATEST TRANSACTION

  • control field: 20210628202218.0

008 - FIXED-LENGTH DATA ELEMENTS

  • fixed length control field: 210628|| aca||aabn | a|a d

040 ## - CATALOGING SOURCE

  • Original cataloging agency: NUST
  • Transcribing agency: NUST

150 ## - HEADING--TOPICAL TERM

  • Topical term or geographic name entry element: STRUCTRUAL ANALYSIS ENGINEERING, MATERIALS DETERIORATION

670 ## - SOURCE DATA FOUND

  • Source citation: Work cat.: (NUST): Inman, Daniel .J ,Farrar, Charles .R ,Junior, Vicente .Lopes 58784, Damage prognosis ,for aerospace, civil and mechanical systems, 2005
© 2023 Central Library, National University of Sciences and Technology. All Rights Reserved.